| 000 | 003450000a22001570004500 | ||
|---|---|---|---|
| 003 | MACL | ||
| 040 | _aMACL | ||
| 090 |
_c46354 _d46352 |
||
| 100 | _aNavel, Deepti | ||
| 245 |
_aThe Mad Tibetan _bStories from then and now |
||
| 260 |
_bAmarylls _c2011 |
||
| 350 | _a395 | ||
| 650 | _aFiction | ||
| 942 |
_cBOOK _k823/NAV |
||
| 951 | _o823/NAV BOOK | ||
| 999 |
_c45869 _d45869 |
||